[Event "Reykjavik op"]
[Site "Reykjavik"]
[Date "2011.03.11"]
[Round "3.45"]
[White "Keetbaas, Herman"]
[Black "Ptacnikova, Lenka"]
[Result "0-1"]
[WhiteElo "1991"]
[BlackElo "2307"]
[PlyCount "52"]
[EventDate "2011.03.09"]
[EventType "swiss"]
[EventRounds "9"]
[EventCountry "ISL"]
[SourceTitle "CBM 141 Extra"]
[Source "ChessBase"]
[SourceDate "2011.05.03"]
[SourceVersion "1"]
[SourceVersionDate "2011.05.03"]
[SourceQuality "1"]

1. e4 d5 2. exd5 Qxd5 3. Nc3 Qd6 4. d4 Nf6 5. Be2 a6 6. a4 Nc6 7. Be3 Bf5 8. g4 Bg6 9. Bf3 0-0-0 10. g5 Nd7 11. Nge2 e5 12. d5 Nb4 13. Ne4 Qxd5 14. Qxd5 Nxd5 15. 0-0-0 Nxe3 16. fxe3 Be7 17. N2c3 c6 18. h4 Kc7 19. Ng3 h6 20. h5 Bh7 21. gxh6 gxh6 22. e4 Bg5+ 23. Kb1 Nc5 24. Rdf1 Rd4 25. Nge2 Rd2 26. Rh2 f6 0-1

[Event "Marianske Lazne op"]
[Site "Marianske Lazne"]
[Date "2010.01.19"]
[Round "4"]
[White "Stankovic, Zeljko"]
[Black "Keetbaas, Herman"]
[Result "0-1"]
[WhiteElo "2179"]
[BlackElo "1986"]
[PlyCount "88"]
[EventDate "2010.01.16"]
[EventType "swiss"]
[EventRounds "9"]
[EventCountry "CZE"]
[SourceTitle "CBM 134 Extra"]
[Source "ChessBase"]
[SourceDate "2010.03.03"]
[SourceVersion "1"]
[SourceVersionDate "2010.03.03"]
[SourceQuality "1"]

1. d4 d5 2. c4 c6 3. cxd5 cxd5 4. Nc3 Nc6 5. Bg5 e6 6. e3 Be7 7. Bd3 Nf6 8. f4 Qa5 9. Qd2 a6 10. Nf3 b5 11. Bxf6 Bxf6 12. 0-0 Qd8 13. Ne5 Na5 14. Qe2 0-0 15. Rf3 g6 16. g4 Nc4 17. g5 Nxe5 18. dxe5 Be7 19. Qg2 Bb7 20. Qh3 Re8 21. Rd1 Qb6 22. Ne2 Bc5 23. Qh6 Bxe3+ 24. Kf1 d4 25. Rh3 Qc6 26. Qxh7+ Kf8 27. Qh8+ Ke7 28. Qf6+ Kd7 29. Rxe3 Qh1+ 30. Kf2 dxe3+ 31. Kxe3 Qxd1 32. Qxf7+ Re7 33. Qxg6 Rh8 34. f5 Rh3+ 35. Ng3 Qg1+ 36. Kd2 Rxh2+ 37. Ne2 Bf3 38. fxe6+ Kc7 39. Qf6 Rxe2+ 40. Bxe2 Qd4+ 41. Ke1 Qh4+ 42. Kd2 Qb4+ 43. Kd1 Bxe2+ 44. Kxe2 Rh7 0-1

[Event "Imperia op-A 50th"]
[Site "Imperia"]
[Date "2008.09.01"]
[Round "2"]
[White "Keetbaas, Herman"]
[Black "Bozzali, Ermanno"]
[Result "0-1"]
[WhiteElo "2042"]
[BlackElo "2148"]
[PlyCount "68"]
[EventDate "2008.08.31"]
[EventType "swiss"]
[EventRounds "9"]
[EventCountry "ITA"]
[SourceTitle "MCD"]
[Source "ChessBase"]
[SourceDate "1999.07.01"]
[SourceVersion "1"]
[SourceVersionDate "1999.07.01"]
[SourceQuality "1"]

1. e4 c5 2. Nf3 d6 3. d4 cxd4 4. Nxd4 Nf6 5. Nc3 a6 6. Bg5 e6 7. Qd3 Nbd7 8. 0-0-0 b5 9. f4 Bb7 10. Qg3 Qb6 11. e5 dxe5 12. fxe5 Ne4 13. Nxe4 Bxe4 14. Be3 Qc7 15. Bd3 Bd5 16. Kb1 Qxe5 17. Bf4 Qxd4 18. Bxb5 Qxd1+ 19. Rxd1 axb5 20. Rxd5 exd5 21. Qe1+ Kd8 22. Qc3 Bc5 23. b4 Ra4 24. Qxg7 Rxb4+ 25. Kc1 Rxf4 26. Qxh8+ Kc7 27. Qxh7 Rf2 28. Qd3 Kc6 29. h4 Ne5 30. Qg3 Nc4 31. c3 Be3+ 32. Kd1 Nb2+ 33. Ke1 Nd3+ 34. Kd1 Rd2# 0-1

[Event "Trieste op 08th"]
[Site "Trieste"]
[Date "2006.09.09"]
[Round "9"]
[White "Keetbaas, Herman"]
[Black "Plani, Andrea"]
[Result "1-0"]
[WhiteElo "2061"]
[BlackElo "1896"]
[PlyCount "49"]
[EventDate "2006.09.02"]
[EventType "swiss"]
[EventRounds "9"]
[EventCountry "ITA"]
[SourceTitle "CBM 114 Extra"]
[Source "ChessBase"]
[SourceDate "2006.11.03"]
[SourceVersion "1"]
[SourceVersionDate "2006.11.03"]
[SourceQuality "1"]

1. e4 c5 2. Nf3 Nc6 3. d4 cxd4 4. Nxd4 Nf6 5. Nc3 a6 6. Nxc6 bxc6 7. e5 Ng8 8. Bd3 e6 9. 0-0 d6 10. exd6 Bxd6 11. Ne4 Bc7 12. Qg4 g6 13. Qf3 f5 14. Bg5 fxe4 15. Bxd8 Bxh2+ 16. Kxh2 exf3 17. Bc7 fxg2 18. Kxg2 Ne7 19. c4 0-0 20. Rad1 Ra7 21. Ba5 Nf5 22. Be4 Bd7 23. Rd3 Rc8 24. Rfd1 Raa8 25. Rxd7 1-0